[Event "cupT f"]
[Site "Karlsruhe cupT f"]
[Date "1988.??.??"]
[Round "?"]
[White "Hort, Vlastimil"]
[Black "Bischoff, Klaus"]
[Result "1/2-1/2"]
[WhiteElo "2590"]
[BlackElo "2465"]
[PlyCount "77"]
[EventDate "1988.??.??"]
[Source "www.chesslib.no"]
[SourceDate "2004.05.04"]

1. d4 e6 2. e4 d5 3. Nc3 Nf6 4. Bg5 Be7 5. e5 Ng8 6. Be3 b6 7. Nf3 Qd7 8. h4 Ba6 9. Bxa6 Nxa6 10. Qe2 Nb4 11. a3 Nc6 12. h5 Nh6 13. Bxh6 gxh6 14. Qe3 O-O-O 15. O-O-O f6 16. exf6 Bxf6 17. Qxh6 Qf7 18. Rh3 Rhg8 19. Rg3 Ne7 20. Rxg8 Rxg8 21. g3 Nf5 22. Qf4 Qxh5 23. Nb5 Bg5 24. Nxg5 Qxg5 25. Nxa7+ Kd7 26. Qxg5 Rxg5 27. Nb5 Rg4 28. Rh1 h6 29. Rh3 Rg6 30. Kd2 c6 31. Nc3 Nxd4 32. f4 e5 33. Ne2 Nxe2 34. Kxe2 exf4 35. gxf4 Rg2+ 36. Kd3 Rf2 37. Rh4 b5 38. b4 h5 39. Rxh5 1/2-1/2

[Event "Bern zt"]
[Site "Bern"]
[Date "1990.??.??"]
[Round "13"]
[White "Hickl, Joerg"]
[Black "Soffer, Ram"]
[Result "1/2-1/2"]
[WhiteElo "2500"]
[BlackElo "2440"]
[PlyCount "29"]
[EventDate "1990.01.??"]
[Source "ChessBase"]

1. e4 e6 2. d4 d5 3. Nc3 Nf6 4. Bg5 Be7 5. exd5 Nxd5 6. Bxe7 Qxe7 7. Nxd5 exd5+ 8. Qe2 Qxe2+ 9. Nxe2 Bf5 10. O-O-O O-O 11. Ng3 Bd7 12. Be2 Nc6 13. Bf3 Ne7 14. Rhe1 Rfe8 15. Nf1 1/2-1/2

[Event "Pau Open"]
[Site "Pau"]
[Date "1988.??.??"]
[Round "6"]
[White "Vera, Reynaldo G"]
[Black "Bischoff, Klaus"]
[Result "1/2-1/2"]
[WhiteElo "2455"]
[BlackElo "2465"]
[PlyCount "47"]
[EventDate "1988.??.??"]
[Source "www.chesslib.no"]
[SourceDate "2004.05.04"]

1. d4 e6 2. e4 d5 3. Nc3 Nf6 4. Bg5 Be7 5. e5 Ng8 6. Be3 b6 7. h4 h5 8. Be2 g6 9. Nf3 Ba6 10. Qd2 Qd7 11. Bg5 Bxe2 12. Nxe2 Nc6 13. Nf4 O-O-O 14. c3 Bxg5 15. hxg5 Nge7 16. b4 Kb8 17. a4 Rc8 18. a5 Nf5 19. g3 Ka8 20. Ra3 Rb8 21. axb6 cxb6 22. O-O Nce7 23. Rfa1 Rb7 24. Qe2 1/2-1/2

[Event "BIH-chT"]
[Site "Neum"]
[Date "2002.06.05"]
[Round "6.3"]
[White "Runic, Zoran"]
[Black "Rogulj, Branko"]
[Result "1/2-1/2"]
[WhiteElo "2447"]
[BlackElo "2454"]
[PlyCount "37"]
[EventDate "2002.06.02"]
[Source "ChessBase"]
[SourceDate "2002.09.20"]

1. e4 Nf6 2. Nc3 e6 3. d4 d5 4. Bg5 Be7 5. Bxf6 Bxf6 6. Nf3 O-O 7. h4 c5 8. e5 Be7 9. Bd3 f5 10. dxc5 Bxc5 11. Qd2 Nc6 12. a3 a6 13. b4 Ba7 14. Qf4 Qc7 15. O-O Nxe5 16. Qxe5 Qxe5 17. Nxe5 Bd4 18. Nxd5 exd5 19. Rae1 1/2-1/2

[Event "Zenica"]
[Site "Zenica BIH"]
[Date "1987.??.??"]
[Round "?"]
[White "Kobas, Adnan"]
[Black "Kovacevic, Vlatko"]
[Result "1/2-1/2"]
[WhiteElo "2335"]
[BlackElo "2490"]
[PlyCount "76"]
[EventDate "1987.04.??"]
[Source "www.chesslib.no"]
[SourceDate "2004.05.04"]

1. e4 e6 2. d4 d5 3. Nc3 Nf6 4. Bg5 Be7 5. exd5 Nxd5 6. Bxe7 Qxe7 7. Nxd5 exd5+ 8. Qe2 Be6 9. O-O-O O-O 10. Qh5 Qf6 11. Nf3 Nd7 12. Bd3 h6 13. Qh4 Qxh4 14. Nxh4 Rfe8 15. Rde1 Nb6 16. Re3 Kf8 17. Rhe1 Bd7 18. Rxe8+ Rxe8 19. Rxe8+ Kxe8 20. Kd2 Ke7 21. b3 Nc8 22. Bf5 Nd6 23. Bxd7 Kxd7 24. g3 g5 25. Ng2 Ke6 26. f3 c6 27. Ne3 h5 28. Kd3 a5 29. Ng2 b6 30. Ne3 b5 31. a3 Nc8 32. Ng2 Ne7 33. Ne3 Ng6 34. Ke2 f5 35. Ng2 Kf6 36. Ke3 Nf8 37. f4 g4 38. Ne1 Nd7 1/2-1/2

[Event "Cannes op2"]
[Site "Cannes FRA"]
[Date "1990.??.??"]
[Round "?"]
[White "Meinsohn, Pierre"]
[Black "Moskalenko, Viktor"]
[Result "0-1"]
[WhiteElo "2295"]
[BlackElo "2525"]
[PlyCount "78"]
[EventDate "1990.??.??"]
[Source "www.chesslib.no"]
[SourceDate "2004.05.04"]

1. d4 e6 2. e4 d5 3. Nc3 Nf6 4. Bg5 Be7 5. Bxf6 Bxf6 6. Nf3 O-O 7. e5 Be7 8. Bd3 c5 9. dxc5 Nd7 10. O-O Nxc5 11. Re1 Qb6 12. Rb1 Bd7 13. Ne2 Nxd3 14. Qxd3 Bb5 15. Qd2 Bc4 16. b3 Bxe2 17. Rxe2 Rfc8 18. c3 Rc7 19. Rc1 Rac8 20. Re3 Qa5 21. Rc2 b5 22. Rd3 Qb6 23. Rd4 Rc5 24. h4 Qc7 25. Rd3 a6 26. g3 h6 27. Kg2 Bf8 28. Qf4 a5 29. a3 a4 30. b4 Rc4 31. Nd4 Qd7 32. Rf3 Qe8 33. Qc1 Be7 34. Rd2 Bd8 35. Rdd3 Bb6 36. Qd2 R8c7 37. Qe1 Ba7 38. Qd2 Qb8 39. Qe3 Rc8 0-1

[Event "Villa Ballester op"]
[Site "Villa Ballester"]
[Date "1997.??.??"]
[Round "7"]
[White "Ricardi, Pablo"]
[Black "Frank, Mario"]
[Result "1-0"]
[WhiteElo "2575"]
[BlackElo "2230"]
[PlyCount "71"]
[EventDate "1997.??.??"]
[Source "www.chesslib.no"]
[SourceDate "2004.05.04"]

1. d4 e6 2. e4 d5 3. Nc3 Nf6 4. Bg5 Be7 5. e5 Ng8 6. Be3 b6 7. Nh3 Ba6 8. Bxa6 Nxa6 9. Qg4 g6 10. O-O-O c6 11. Nf4 Qd7 12. Qe2 Nc7 13. g4 O-O-O 14. h4 Bf8 15. h5 Bg7 16. Rh3 Ne7 17. Nd3 Kb7 18. Bg5 Rhg8 19. hxg6 hxg6 20. Rh7 Rdf8 21. Rdh1 Rh8 22. Qf3 Rxh7 23. Rxh7 Ne8 24. Bf6 Bxf6 25. exf6 Nc8 26. Ne5 Qc7 27. Nxg6 Rg8 28. Ne7 Rf8 29. Nxc8 Kxc8 30. g5 Qd8 31. Ne2 Nd6 32. Qc3 Qc7 33. g6 Ne4 34. g7 Rg8 35. Qf3 Qd8 36. Rh6 1-0

[Event "Munich Open"]
[Site "Munich GER"]
[Date "1985.??.??"]
[Round "?"]
[White "Hamann, Svend"]
[Black "Palos, Osman"]
[Result "1/2-1/2"]
[WhiteElo "2420"]
[BlackElo "2375"]
[PlyCount "165"]
[EventDate "1985.??.??"]
[Source "www.chesslib.no"]
[SourceDate "2004.05.04"]

1. d4 Nf6 2. Nc3 d5 3. e4 e6 4. Bg5 Be7 5. Bxf6 Bxf6 6. e5 Be7 7. Qg4 Bf8 8. O-O-O a6 9. Bd3 h5 10. Qg3 Nc6 11. Nce2 Nb4 12. Kb1 c5 13. dxc5 Qa5 14. Nc1 Qxc5 15. Nb3 Qc7 16. f4 g6 17. Nf3 Nxd3 18. cxd3 Bd7 19. Rc1 Qb6 20. Qe1 Bb4 21. Qe2 a5 22. d4 Bb5 23. Qe3 a4 24. Nc5 a3 25. b3 Rc8 26. Rc2 Rc6 27. Rhc1 Qc7 28. Nd3 Be7 29. Rxc6 Bxc6 30. Qd2 Qb6 31. Nc5 Qb5 32. Qc3 Qe2 33. Qc2 Qxc2+ 34. Rxc2 h4 35. Kc1 Rh5 36. Kd2 Bf8 37. Ke3 Be7 38. Rc3 g5 39. fxg5 Bxg5+ 40. Nxg5 Rxg5 41. Rc2 Rf5 42. Rf2 Rg5 43. Nd3 Rg4 44. Nb4 Re4+ 45. Kd3 Bb5+ 46. Kc3 Re1 47. Nc2 Rg1 48. h3 Bf1 49. Ne3 Ba6 50. Rd2 Re1 51. Nc2 Rc1 52. Kb4 Ke7 53. Nxa3 f5 54. Nb5 b6 55. Nc3 Kd7 56. Ne2 Rf1 57. Kc3 f4 58. Kc2 Kc7 59. a4 Kd7 60. Nc3 f3 61. Nd1 Rh1 62. gxf3 Rxh3 63. Rf2 Rg3 64. Ne3 h3 65. Kc3 Rg1 66. Kb4 Bd3 67. a5 bxa5+ 68. Kxa5 Kc7 69. Kb4 Rh1 70. Ng4 Bf1 71. Rh2 Rg1 72. Ne3 Bg2 73. Nxg2 hxg2 74. Kb5 Rb1 75. Rxg2 Rxb3+ 76. Kc5 Rc3+ 77. Kb5 Rb3+ 78. Kc5 Rc3+ 79. Kb5 Rc4 80. Rg4 Kd7 81. Rf4 Ke7 82. Kb6 Rc3 83. Kb5 1/2-1/2

[Event "Dortmund"]
[Site "Dortmund"]
[Date "1985.??.??"]
[Round "11"]
[White "Boehm, Juergen"]
[Black "Rogers, Ian"]
[Result "1/2-1/2"]
[WhiteElo "2265"]
[BlackElo "2510"]
[PlyCount "120"]
[EventDate "1985.09.??"]
[Source "ChessBase"]

1. d4 Nf6 2. Nc3 d5 3. e4 e6 4. Bg5 Be7 5. e5 Ng8 6. h4 Bxg5 7. hxg5 Qxg5 8. Nh3 Qe7 9. Qg4 g6 10. Nxd5 h5 11. Nxe7 hxg4 12. Nxg8 Nd7 13. Nf6+ Nxf6 14. exf6 Bd7 15. f3 gxh3 16. g4 Bc6 17. Kf2 h2 18. Re1 O-O-O 19. c3 g5 20. Re5 Rdg8 21. Kg3 Rh6 22. Be2 Rxf6 23. Rxh2 Kd7 24. Rh5 Rfg6 25. Bd3 R6g7 26. Bb5 Bxb5 27. Rxb5 b6 28. Re5 Kd6 29. Re1 a5 30. Kf2 Rb8 31. Ke3 a4 32. Rh6 a3 33. b4 c5 34. Rb1 Rgg8 35. Rh7 cxd4+ 36. Kxd4 Ke7 37. Rh2 Rgd8+ 38. Ke3 b5 39. Rd2 Rh8 40. Rb3 Ra8 41. Rc2 Rh1 42. c4 bxc4 43. Rbc3 Rb1 44. Rxc4 Ra4 45. Kd3 Rbxb4 46. Rxb4 Rxb4 47. Rc7+ Kf6 48. Ra7 Ke5 49. Ke3 Rb5 50. Rxa3 f5 51. gxf5 exf5 52. f4+ gxf4+ 53. Kf3 Rc5 54. Rb3 Ra5 55. a3 Ra4 56. Rb5+ Kf6 57. Rb4 Rxa3+ 58. Kxf4 Ra6 59. Rc4 Kg6 60. Rb4 Kf6 1/2-1/2

[Event "CRO-Cup"]
[Site "Pula CRO"]
[Date "1995.??.??"]
[Round "3"]
[White "Mestrovic, Zvonimir"]
[Black "Samovojska, Damir"]
[Result "1-0"]
[WhiteElo "2415"]
[BlackElo "2360"]
[PlyCount "69"]
[EventDate "1995.??.??"]
[Source "www.chesslib.no"]
[SourceDate "2004.05.04"]

1. Nc3 d5 2. e4 e6 3. d4 Nf6 4. Bg5 Be7 5. e5 Ne4 6. Bxe7 Qxe7 7. Nxe4 dxe4 8. c3 O-O 9. Qe2 f5 10. f3 c5 11. dxc5 Qxc5 12. fxe4 fxe4 13. O-O-O Qxe5 14. Nf3 Qf4+ 15. Nd2 e3 16. Nc4 e5 17. Qxe3 Bg4 18. Re1 Nd7 19. Qxf4 exf4 20. h3 Bh5 21. Nd6 Rf6 22. Bc4+ Kf8 23. Ne4 Rb6 24. Ng5 Nf6 25. Ne6+ Rxe6 26. Bxe6 g5 27. Re5 h6 28. Rhe1 Bf7 29. Bxf7 Kxf7 30. Re7+ Kg6 31. Rxb7 h5 32. Re5 g4 33. h4 Re8 34. Rg5+ Kh6 35. Rbg7 1-0

[Event "Sant Boi op"]
[Site "?"]
[Date "1996.??.??"]
[Round "?"]
[White "Montilla Carrillo Esteban"]
[Black "Gonzalez Velez Fermin"]
[Result "0-1"]
[WhiteElo "2260"]
[BlackElo "2480"]
[PlyCount "104"]
[EventDate "1996.??.??"]
[Source "www.chesslib.no"]
[SourceDate "2004.05.04"]

1. d4 Nf6 2. Nc3 e6 3. e4 d5 4. Bg5 Be7 5. Bxf6 Bxf6 6. Nf3 c5 7. exd5 cxd4 8. Bb5+ Kf8 9. Nxd4 Qb6 10. dxe6 Qxd4 11. e7+ Kxe7 12. Nd5+ Kf8 13. Qxd4 Bxd4 14. O-O-O Be5 15. Rhe1 Nc6 16. Rxe5 Nxe5 17. Nc7 Bg4 18. f3 Rc8 19. fxg4 g6 20. Nd5 Rc5 21. Be2 Kg7 22. Nf4 Re8 23. b3 Rec8 24. Rd2 R5c7 25. Nd3 Nc6 26. Kb2 Rd8 27. a3 Rcd7 28. h3 Nd4 29. Bd1 Ne6 30. Rf2 b6 31. Bf3 Ng5 32. Bc6 Rc7 33. Bb5 Ne4 34. Rf4 Nd6 35. Ba6 Re7 36. Nb4 Re4 37. Rf2 Rde8 38. Rd2 R4e6 39. Rd5 Ne4 40. Bd3 Nc5 41. Bb5 R8e7 42. Rd8 Nb7 43. Ra8 Nd6 44. Bd3 Rd7 45. Nc6 a5 46. a4 Ne4 47. Na7 Nf2 48. Bb5 Rd2 49. Rc8 Re1 50. Rc7 Nd1+ 51. Ka2 Ne3 52. Bd3 Nd5 0-1

[Event "XVIII Camp. europeo U18"]
[Site "Herceg Novi MNE"]
[Date "2008.09.23"]
[Round "8.8"]
[White "Khojayan, Vardan"]
[Black "Piorun, Kacper"]
[Result "1/2-1/2"]
[WhiteElo "2286"]
[BlackElo "2445"]
[PlyCount "37"]
[EventDate "2008.09.15"]
[Source "www.chesslib.no"]
[SourceDate "2004.05.04"]

1. e4 e6 2. d4 d5 3. Nc3 Nf6 4. Bg5 Be7 5. e5 Nfd7 6. Be3 c5 7. Qg4 g6 8. Nge2 cxd4 9. Bxd4 Nc6 10. f4 Qa5 11. Be3 Nb6 12. Nd4 Bb4 13. O-O-O Bxc3 14. Nb3 Qxa2 15. bxc3 Na4 16. Kd2 Qb2 17. Bd3 Qxc3+ 18. Ke2 Qb4 19. Ra1 1/2-1/2

[Event "FRA-ch76 Accession"]
[Site "Marselha"]
[Date "2001.??.??"]
[Round "2"]
[White "Libiszewski, Fabien"]
[Black "Bricard, Emmanuel"]
[Result "0-1"]
[WhiteElo "2280"]
[BlackElo "2445"]
[PlyCount "60"]
[EventDate "2001.08.12"]
[Source "www.chesslib.no"]
[SourceDate "2004.05.04"]

1. e4 Nf6 2. Nc3 e6 3. d4 d5 4. Bg5 Be7 5. exd5 Nxd5 6. Bxe7 Qxe7 7. Nxd5 exd5+ 8. Qe2 Be6 9. O-O-O O-O 10. Qh5 c5 11. Nf3 c4 12. Re1 Qd6 13. Re3 Nd7 14. Ne5 Nb6 15. Be2 f6 16. Nf3 Na4 17. c3 Qb6 18. b3 cxb3 19. Bd3 h6 20. Qg6 Rfe8 21. axb3 Qxb3 22. Bc2 Qa3+ 23. Kd2 Nb6 24. Ne5 fxe5 25. Rg3 Re7 26. Qh7+ Kf8 27. Qh8+ Bg8 28. Bh7 Nc4+ 29. Ke2 exd4+ 30. Kf3 Ne5+ 0-1

[Event "BL2-O 9596"]
[Site "GER"]
[Date "1996.??.??"]
[Round "?"]
[White "Schoeneberg, Manfred"]
[Black "Heidrich, Manfred"]
[Result "1/2-1/2"]
[WhiteElo "2355"]
[BlackElo "2340"]
[PlyCount "93"]
[EventDate "1995.10.??"]
[Source "www.chesslib.no"]
[SourceDate "2004.05.04"]

1. e4 e6 2. d4 d5 3. Nc3 Nf6 4. Bg5 Be7 5. exd5 Nxd5 6. Bxe7 Qxe7 7. Bd3 Nxc3 8. bxc3 Nd7 9. Nf3 b6 10. Be4 Rb8 11. O-O O-O 12. Qd3 Nf6 13. Bc6 Qd6 14. Ne5 Nd5 15. Rfe1 f6 16. Bxd5 Qxd5 17. Nf3 Bb7 18. c4 Qd6 19. Rad1 Rfe8 20. h3 Rbd8 21. Qb3 Bc6 22. d5 exd5 23. Rxe8+ Bxe8 24. cxd5 Bf7 25. Qa4 a5 26. Rd2 Qc5 27. c4 Re8 28. Qc2 Bg6 29. Qa4 Re4 30. Qd7 Re7 31. Qd8+ Re8 32. Qd7 Qxc4 33. d6 Qc1+ 34. Kh2 cxd6 35. Qxd6 Qc5 36. Qf4 Be4 37. Rd7 Bxf3 38. Qxf3 Qe5+ 39. g3 Qe2 40. Qb3+ Qe6 41. Qb5 Qxa2 42. Qxb6 Kh8 43. Rd8 Rg8 44. Rxg8+ Kxg8 45. Qd8+ Kf7 46. Qd7+ Kg6 47. Qg4+ 1/2-1/2

[Event "Asia-chT"]
[Site "Shenyang"]
[Date "1999.10.14"]
[Round "6"]
[White "Ganbold, Odondoo"]
[Black "Chuah Jin, Hai Jonath"]
[Result "1-0"]
[WhiteElo "2334"]
[BlackElo "2337"]
[PlyCount "59"]
[EventDate "1999.10.10"]
[Source "www.chesslib.no"]
[SourceDate "2004.05.04"]

1. d4 Nf6 2. Nc3 d5 3. Bg5 e6 4. e4 Be7 5. e5 Ng8 6. h4 h6 7. Be3 a6 8. Qg4 g6 9. h5 g5 10. f4 f5 11. exf6 Nxf6 12. Qd1 g4 13. Bd3 Bb4 14. Bg6+ Ke7 15. Nge2 Qd6 16. Qd3 Bd7 17. O-O-O Nc6 18. f5 Ba5 19. a3 Bxc3 20. Nxc3 b5 21. fxe6 Bxe6 22. Rhf1 Na5 23. Bf4 Qc6 24. Rde1 Nb7 25. Bf5 Nd8 26. Be5 Rf8 27. Bxe6 Nxe6 28. Bxf6+ Kd7 29. Qh7+ Kc8 30. Qf5 1-0

[Event "Jersey"]
[Site "?"]
[Date "2003.02.16"]
[Round "1"]
[White "Hector Jonny"]
[Black "Westerman Hendrik W"]
[Result "1-0"]
[WhiteElo "2570"]
[BlackElo "2098"]
[PlyCount "49"]
[EventDate "2003.??.??"]
[Source "www.chesslib.no"]
[SourceDate "2004.05.04"]

1. Nc3 d5 2. d4 Nf6 3. Bg5 e6 4. e4 Be7 5. e5 Ng8 6. h4 Bxg5 7. hxg5 Qxg5 8. Qd3 g6 9. Nf3 Qe7 10. O-O-O Nd7 11. Nb5 Nf8 12. Qc3 Kd8 13. g4 a6 14. Na3 Bd7 15. Qe3 h5 16. Bd3 f5 17. exf6 Nxf6 18. Ne5 Rg8 19. gxh5 gxh5 20. Rdg1 Rxg1+ 21. Rxg1 c6 22. Qh6 Kc7 23. Rg7 Qd8 24. Qf4 Kb6 25. Rf7 1-0

[Event "Gausdal Int"]
[Site "Gausdal"]
[Date "1995.??.??"]
[Round "2"]
[White "Djurhuus, Rune"]
[Black "Leer Salvesen, Bjarte"]
[Result "1-0"]
[WhiteElo "2495"]
[BlackElo "2170"]
[PlyCount "69"]
[EventDate "1995.08.??"]
[Source "ChessBase"]

1. d4 e6 2. e4 d5 3. Nc3 Nf6 4. Bg5 Be7 5. e5 Ne4 6. Bxe7 Nxc3 7. Bxd8 Nxd1 8. Bxc7 Nxb2 9. Rb1 Nc4 10. Bxc4 dxc4 11. Nf3 Nc6 12. Bd6 b6 13. Kd2 Bb7 14. Kc3 Rc8 15. Nd2 Ne7 16. Bxe7 Kxe7 17. f3 Rc7 18. Rb4 Bd5 19. a4 Rb8 20. Rhb1 f5 21. a5 Rc6 22. h4 g6 23. Nf1 Kd7 24. Ne3 Kc7 25. Rb5 Rd8 26. R1b4 Kb7 27. Rc5 Rd7 28. Rxc6 Kxc6 29. Nxc4 Bxc4 30. Rxc4+ Kb5 31. axb6 axb6 32. Rc8 Re7 33. Kb3 Ka6 34. f4 Rd7 35. c3 1-0

[Event "Stara Pazova"]
[Site "Stara Pazova"]
[Date "1988.??.??"]
[Round "7"]
[White "Doljanin, Tomislav"]
[Black "Kosanovic, Goran A"]
[Result "0-1"]
[WhiteElo "2255"]
[BlackElo "2395"]
[PlyCount "68"]
[EventDate "1988.10.??"]
[Source "www.chesslib.no"]
[SourceDate "2004.05.04"]

1. d4 e6 2. e4 d5 3. Nc3 Nf6 4. Bg5 Be7 5. Bxf6 Bxf6 6. Nf3 O-O 7. e5 Be7 8. h4 c5 9. dxc5 Bxc5 10. Bd3 f5 11. O-O Nc6 12. a3 Bd7 13. b4 Bb6 14. Re1 Be8 15. Ne2 Bh5 16. Nf4 Bxf3 17. Qxf3 Nd4 18. Qh5 Rc8 19. Ra2 Qe7 20. g3 Rc3 21. Kg2 Rfc8 22. Qd1 g6 23. Nh3 Qc7 24. Nf4 Qc6 25. a4 a6 26. b5 axb5 27. axb5 Nxb5 28. Bxb5 Qxb5 29. Nxe6 Bxf2 30. Kxf2 Qb6+ 31. Nd4 R8c4 32. Kg2 Rxd4 33. Qc1 Rg4 34. Kh1 Qf2 0-1

[Event "Thessaloniki ol (Men)"]
[Site "Thessaloniki GRE"]
[Date "1988.??.??"]
[Round "5"]
[White "Braga, Fernando"]
[Black "Murillo, Alexis"]
[Result "1-0"]
[WhiteElo "2425"]
[BlackElo "2200"]
[PlyCount "117"]
[EventDate "1988.11.??"]
[Source "www.chesslib.no"]
[SourceDate "2004.05.04"]

1. d4 e6 2. e4 d5 3. Nc3 Nf6 4. Bg5 Be7 5. Bxf6 Bxf6 6. Nf3 O-O 7. Qd2 c5 8. e5 Be7 9. dxc5 Bxc5 10. Be2 Nc6 11. O-O Qc7 12. Qg5 Nd4 13. Rad1 Nxe2+ 14. Nxe2 Be7 15. Qd2 b5 16. Ned4 Bd7 17. Rfe1 b4 18. Qf4 Qa5 19. Ra1 Rac8 20. Re3 Qb6 21. Qg4 Bc5 22. h4 f6 23. Rd1 fxe5 24. Nxe5 Bxd4 25. Rxd4 h5 26. Nxd7 hxg4 27. Nxb6 axb6 28. Re2 Rc4 29. Rxc4 dxc4 30. Rxe6 Rb8 31. Kh2 b5 32. Re5 c3 33. bxc3 bxc3 34. a3 Rd8 35. Rxb5 Rd2 36. Kg3 Rxc2 37. Rc5 Rc1 38. a4 c2 39. a5 Ra1 40. Rxc2 Rxa5 41. Kxg4 Kh7 42. h5 Ra6 43. f4 Kg8 44. Kg5 Ra5+ 45. f5 Ra6 46. g4 Kf7 47. Rc7+ Kg8 48. Re7 Ra4 49. Re6 Kf7 50. h6 gxh6+ 51. Rxh6 Ra5 52. Rh7+ Kg8 53. Rb7 Ra4 54. f6 Rc4 55. Kh5 Ra4 56. g5 Ra1 57. Kg6 Ra8 58. Rg7+ Kh8 59. Rh7+ 1-0

[Event "Werfen"]
[Site "Werfen"]
[Date "1992.??.??"]
[Round "1"]
[White "Roth, Peter"]
[Black "Grabert, Ralf"]
[Result "1-0"]
[WhiteElo "2320"]
[BlackElo "2300"]
[PlyCount "69"]
[EventDate "1992.??.??"]
[Source "www.chesslib.no"]
[SourceDate "2004.05.04"]

1. e4 e6 2. d4 d5 3. Nc3 Nf6 4. Bg5 Be7 5. exd5 Nxd5 6. Bxe7 Qxe7 7. Qd2 Nd7 8. O-O-O N7f6 9. Nf3 Bd7 10. Ne5 O-O-O 11. Nxd5 Nxd5 12. Qa5 Kb8 13. Rd3 b6 14. Qd2 Be8 15. Rb3 f6 16. Nd3 Qd6 17. Be2 Ba4 18. Ra3 Bc6 19. c4 Ne7 20. d5 Bb7 21. b4 exd5 22. c5 Qe6 23. Re1 f5 24. b5 bxc5 25. Nxc5 Qb6 26. Qc2 Rhe8 27. Bd3 Bc8 28. f4 Ka8 29. Na6 Bxa6 30. Rxa6 Qd4 31. g3 Rd6 32. Rxd6 cxd6 33. Rxe7 Qg1+ 34. Kb2 Qd4+ 35. Ka3 1-0

[Event "Elekes mem-A"]
[Site "Budapest HUN"]
[Date "1983.??.??"]
[Round "?"]
[White "Tischbierek, Raj"]
[Black "Poettinger, Harald"]
[Result "1-0"]
[WhiteElo "2395"]
[BlackElo "2200"]
[PlyCount "99"]
[EventDate "1983.07.??"]
[Source "www.chesslib.no"]
[SourceDate "2004.05.04"]

1. d4 Nf6 2. Nc3 d5 3. Bg5 e6 4. e4 Be7 5. e5 Ng8 6. Bxe7 Nxe7 7. f4 b6 8. Nf3 Ba6 9. Bxa6 Nxa6 10. O-O Qd7 11. a4 Nb4 12. Ne2 Nbc6 13. c3 Na5 14. Qd3 c5 15. dxc5 Nb3 16. c6 Nxc6 17. Rad1 g6 18. c4 Nc5 19. Qa3 a5 20. cxd5 exd5 21. f5 Qxf5 22. Nfd4 Qd7 23. Nf4 O-O 24. Nxc6 Qxc6 25. Nxd5 Ra7 26. e6 Nxe6 27. Ne7+ Rxe7 28. Qxe7 Qxa4 29. Rd7 Qe4 30. Qf6 Qe3+ 31. Kh1 Ng5 32. Re7 Ne4 33. Qh4 Qd3 34. Qf4 f5 35. Rc1 Qd4 36. Rf1 Rc8 37. h3 Qd3 38. Kh2 Rd8 39. Qe5 Qd6 40. Rg7+ Kh8 41. Qxd6 Rxd6 42. Rb7 Nc5 43. Re7 Rd3 44. Ra1 Rb3 45. Rd1 Rd3 46. Rxd3 Nxd3 47. Re2 Kg7 48. Rd2 Ne5 49. b3 Nf7 50. Rd7 1-0

[Event "Dortmund op-A"]
[Site "Dortmund"]
[Date "1993.??.??"]
[Round "9"]
[White "Juergens, Vera"]
[Black "Michalek, Christoph"]
[Result "1/2-1/2"]
[WhiteElo "2340"]
[BlackElo "2230"]
[PlyCount "88"]
[EventDate "1993.04.??"]
[Source "www.chesslib.no"]
[SourceDate "2004.05.04"]

1. d4 Nf6 2. Nc3 e6 3. Bg5 Be7 4. Bxf6 Bxf6 5. e4 d5 6. Nf3 c5 7. Bb5+ Nc6 8. e5 Be7 9. O-O Bd7 10. Re1 O-O 11. Bf1 Qb6 12. Na4 Qc7 13. Nxc5 Nxd4 14. Nxd7 Nxf3+ 15. Qxf3 Qxd7 16. Bd3 Bc5 17. Rad1 Qc7 18. c3 g6 19. Bb1 Qe7 20. b4 Bb6 21. Rd2 Rac8 22. g3 Rc4 23. a4 Rfc8 24. Rd3 a5 25. Ba2 R4c7 26. Rb1 axb4 27. Rxb4 Ba5 28. Rb3 Rc5 29. Kg2 Rc4 30. Rb5 Rxa4 31. Bb3 Ra3 32. c4 Qd7 33. cxd5 Qxb5 34. dxe6 Qxe5 35. Qxf7+ Kh8 36. Rd7 Qe4+ 37. f3 Qe2+ 38. Kh3 Qf1+ 39. Kg4 Ra4+ 40. Bxa4 Rc4+ 41. f4 Qe2+ 42. Kh3 Qh5+ 43. Kg2 Rc2+ 44. Bxc2 Qe2+ 1/2-1/2

[Event "ol (Men)"]
[Site "Buenos Aires ol (Men)"]
[Date "1978.??.??"]
[Round "?"]
[White "Palacios Alvarez, R."]
[Black "Moustafa, Talaat"]
[Result "1/2-1/2"]
[WhiteElo "2370"]
[BlackElo "2200"]
[PlyCount "127"]
[EventDate "1978.??.??"]
[Source "www.chesslib.no"]
[SourceDate "2004.05.04"]

1. d4 d5 2. Nc3 Nf6 3. Bg5 e6 4. e4 Be7 5. Bxf6 Bxf6 6. Nf3 Nc6 7. e5 Be7 8. a3 a6 9. Bd3 b5 10. b4 O-O 11. h4 f6 12. exf6 Bxf6 13. Bxh7+ Kf7 14. Ne5+ Bxe5 15. Qh5+ Ke7 16. dxe5 Kd7 17. Rd1 Ne7 18. Ne4 Qe8 19. Qe2 Qf7 20. Nc5+ Kd8 21. Bd3 Bd7 22. Nxd7 Kxd7 23. Be4 c6 24. Bf3 Qf4 25. h5 Rf5 26. O-O Rxe5 27. Qd2 Rf8 28. Qxf4 Rxf4 29. Rd3 Rg5 30. Bd1 e5 31. Rh3 Nf5 32. c3 Kd6 33. Be2 c5 34. g3 Nh6 35. f3 Rf8 36. Kg2 c4 37. Rd1 Nf5 38. Kf2 Nh6 39. Rh4 Rgf5 40. Ke3 Nf7 41. f4 exf4+ 42. Rxf4 Ng5 43. Rxf5 Rxf5 44. g4 Re5+ 45. Kf4 Ne4 46. Rh1 Nxc3 47. Bf3 Ne2+ 48. Bxe2 Rxe2 49. g5 Ke6 50. h6 gxh6 51. gxh6 Rf2+ 52. Ke3 Rf8 53. h7 Rh8 54. Kd4 Kf6 55. Rh6+ Kg7 56. Rxa6 Rc8 57. Kxd5 c3 58. h8=Q+ Kxh8 59. Rh6+ Kg7 60. Rh1 c2 61. Rc1 Rc4 62. a4 Rxb4 63. axb5 Rxb5+ 64. Kc4 1/2-1/2

[Event "18.Schlosspark op Wiesbaden"]
[Site "?"]
[Date "1999.09.02"]
[Round "7"]
[White "Vogler Tilmann"]
[Black "De Andres Gonalons Fernando"]
[Result "1-0"]
[WhiteElo "2341"]
[BlackElo "2214"]
[PlyCount "107"]
[EventDate "1999.??.??"]
[Source "www.chesslib.no"]
[SourceDate "2004.05.04"]

1. d4 d5 2. Nc3 e6 3. e4 Nf6 4. Bg5 Be7 5. Bxf6 Bxf6 6. Nf3 c5 7. e5 Be7 8. dxc5 Bxc5 9. Bd3 Nc6 10. O-O Bd7 11. Qd2 Nd4 12. Qf4 Nxf3+ 13. Qxf3 O-O 14. Qh3 h6 15. Rae1 f5 16. Ne2 Qg5 17. Kh1 f4 18. Ng1 h5 19. Be2 Rf5 20. Qb3 Bc6 21. Nf3 Qe7 22. Bd3 Rff8 23. Bg6 h4 24. h3 a6 25. Re2 Rac8 26. Rd1 b5 27. c3 Ba7 28. Kg1 Bd7 29. Red2 Rc7 30. a3 Kh8 31. Qc2 Rc4 32. Qd3 Bb6 33. Qe2 Ba7 34. Rd3 Bb6 35. Nd2 Qg5 36. Qg4 Qxg4 37. hxg4 Rcc8 38. Rh3 Bd8 39. Nf3 Kg8 40. g5 Bc6 41. Rxh4 Bb6 42. Kf1 Be8 43. Bxe8 Rcxe8 44. g6 Rf5 45. Ke2 Kf8 46. Rdh1 Ke7 47. Rh7 Rg8 48. R1h5 Rff8 49. Rg5 Rc8 50. Rg4 Rc4 51. Nd2 Ra4 52. b3 Rxa3 53. Rxf4 a5 54. Rf7+ 1-0

[Event "Zug"]
[Site "Zug"]
[Date "1991.??.??"]
[Round "8"]
[White "Liardet, Fabrice"]
[Black "Bachmayr, Peter"]
[Result "1/2-1/2"]
[WhiteElo "2205"]
[BlackElo "2345"]
[PlyCount "67"]
[EventDate "1991.??.??"]
[Source "www.chesslib.no"]
[SourceDate "2004.05.04"]

1. Nc3 d5 2. e4 e6 3. d4 Nf6 4. Bg5 Be7 5. e5 Ne4 6. Bxe7 Qxe7 7. Nxe4 dxe4 8. c3 O-O 9. Qc2 c5 10. Qxe4 cxd4 11. Bd3 g6 12. Qxd4 Bd7 13. Nf3 Bc6 14. Be4 Rd8 15. Qe3 Bxe4 16. Qxe4 Nc6 17. O-O Qc5 18. Rfd1 Qb5 19. b3 a5 20. Qe3 a4 21. b4 Qc4 22. h3 Kg7 23. Rd2 Rd5 24. Rad1 Rad8 25. Rxd5 Rxd5 26. Rxd5 Qxd5 27. Qf4 h6 28. c4 Qd1+ 29. Kh2 Nxb4 30. Qf6+ Kg8 31. Qh4 Qe2 32. Qd8+ Kg7 33. Qf6+ Kg8 34. Qd8+ 1/2-1/2

[Event "Zalakaros Open"]
[Site "Zalakaros"]
[Date "1995.??.??"]
[Round "4"]
[White "Szonyi, Kata"]
[Black "Vigh, Bela"]
[Result "0-1"]
[WhiteElo "2175"]
[BlackElo "2370"]
[PlyCount "80"]
[EventDate "1995.??.??"]
[Source "www.chesslib.no"]
[SourceDate "2004.05.04"]

1. d4 Nf6 2. Nc3 e6 3. e4 d5 4. Bg5 Be7 5. Bxf6 Bxf6 6. Nf3 c5 7. Bb5+ Nc6 8. e5 Be7 9. O-O O-O 10. Re1 Bd7 11. Bxc6 bxc6 12. Ne2 cxd4 13. Qxd4 c5 14. Qg4 Rb8 15. b3 a5 16. Nf4 a4 17. Nh5 g6 18. h4 Rb4 19. Qg3 Kh8 20. Nf4 Rg8 21. Ng5 Rg7 22. c3 Rb7 23. bxa4 h6 24. Nf3 Bxa4 25. Rab1 Qb8 26. Nd2 Bc2 27. Rxb7 Qxb7 28. c4 d4 29. Qa3 Rg8 30. Rc1 Ra8 31. Qg3 Qb2 32. Re1 Ra3 33. Qg4 Bf5 34. Qe2 Rxa2 35. g4 Qxd2 36. Qxd2 Rxd2 37. gxf5 gxf5 38. Ra1 Bxh4 39. Ra8+ Kg7 40. Rc8 Bxf2+ 0-1